|
|
|
|
| LEADER |
00000cam a2200000 7i4500 |
| 001 |
0000048607 |
| 005 |
20170205093000.0 |
| 008 |
050323s2003 |
| 020 |
|
|
|a 1841841099
|
| 090 |
0 |
0 |
|a RC662.18
|b .T49 2003
|
| 245 |
0 |
0 |
|a Textbook of type 2 diabetes
|c edited by Barry J. Goldstein, Dirk Müller-Wieland
|
| 260 |
2 |
|
|a London :
|b Martin Dunitz ,
|c 2003
|
| 300 |
|
|
|a xiv, 480 p. :
|b ill. ;
|c 26 cm.
|
| 504 |
|
|
|a Includes bibliographical references and index
|
| 650 |
|
0 |
|a Non-insulin-dependent diabetes
|x Diagnosis
|
| 650 |
|
0 |
|a Non-insulin-dependent diabetes
|x Treatment
|
| 700 |
1 |
|
|a Goldstein, Barry J. ,
|e author
|
| 700 |
1 |
|
|a Müller-Wieland, Dirk ,
|e author
|
| 999 |
|
|
|a 1000101420
|b Book
|c OPEN SHELF (30 DAYS)
|e Gong Badak Campus
|